<?xml version="1.0" encoding="UTF-8"?><?xml-stylesheet type="text/xsl" href="static/style.xsl"?><OAI-PMH xmlns="http://www.openarchives.org/OAI/2.0/" xmlns:xsi="http://www.w3.org/2001/XMLSchema-instance" xsi:schemaLocation="http://www.openarchives.org/OAI/2.0/ http://www.openarchives.org/OAI/2.0/OAI-PMH.xsd"><responseDate>2026-06-05T02:31:52Z</responseDate><request verb="GetRecord" identifier="oai:riuma.uma.es:10630/46779" metadataPrefix="marc">https://riuma.uma.es/rest/oai/request</request><GetRecord><record><header><identifier>oai:riuma.uma.es:10630/46779</identifier><datestamp>2026-06-02T23:46:35Z</datestamp><setSpec>com_10630_2254</setSpec><setSpec>col_10630_37956</setSpec></header><metadata><record xmlns="http://www.loc.gov/MARC21/slim" xmlns:dcterms="http://purl.org/dc/terms/" xmlns:doc="http://www.lyncode.com/xoai" xmlns:xsi="http://www.w3.org/2001/XMLSchema-instance" xsi:schemaLocation="http://www.loc.gov/MARC21/slim http://www.loc.gov/standards/marcxml/schema/MARC21slim.xsd">
   <leader>00925njm 22002777a 4500</leader>
   <datafield ind2=" " ind1=" " tag="042">
      <subfield code="a">dc</subfield>
   </datafield>
   <datafield ind2=" " ind1=" " tag="720">
      <subfield code="a">Vilches Fuentes, Gerardo</subfield>
      <subfield code="e">author</subfield>
   </datafield>
   <datafield ind2=" " ind1=" " tag="720">
      <subfield code="a">Pinto-Tortosa, Antonio Jesús</subfield>
      <subfield code="e">author</subfield>
   </datafield>
   <datafield ind2=" " ind1=" " tag="260">
      <subfield code="c">2025</subfield>
   </datafield>
   <datafield ind2=" " ind1=" " tag="520">
      <subfield code="a">La Revolución minera de Asturias, en octubre de 1934, es uno de los temas más controvertidos en la historiografía de la España contemporánea. El autor asturiano Alfonso Zapico lo seleccionó para convertirlo en el leitmotiv de la saga La balada del norte, publicada en cuatro tomos por la editorial Astiberri, entre 2015 y 2023. En la presente comunicación, centramos el análisis en la forma en que el historietista caracteriza a las víctimas de la revolución, esto es, los trabajadores de la cuenca minera y sus familias, de una parte; y a sus verdugos, es decir, el gobierno de la II República, integrado por el Partido Radical y la CEDA, además de los militares a cargo del castigo a los sublevados. El objetivo es subrayar la fidelidad del autor al relato crítico de la historia de aquellos acontecimientos, que le lleva a pintar a los protagonistas de ambos bandos de la forma más ecuánime posible, con una especial atención a las condiciones de vida de la cuenca minera. Asimismo, aspiramos a subrayar el papel tanto de los propios insurrectos, como también de las mujeres, que padecieron una represión aún más dura que sus hermanos, maridos, etc., pues su condición les convertía en objeto de los abusos físicos y verbales de las fuerzas encargadas de posibilitar la vuelta al orden.</subfield>
   </datafield>
   <datafield ind1="8" ind2=" " tag="024">
      <subfield code="a">Pinto Tortosa, Antonio Jesús y Vilches Fuentes, Gerardo, ‘La Revolución de Asturias de 1934 a través de La balada del norte, de Alfonso Zapico (2015-2023): reivindicando la memoria y los usos públicos de la historia’, en Jacobo Hernando Morejón (coord.), Cómic y sociocultura sobre la Edad Moderna y Contemporánea, Madrid, Dykinson, 2025, pp. 113-127.</subfield>
   </datafield>
   <datafield ind1="8" ind2=" " tag="024">
      <subfield code="a">https://hdl.handle.net/10630/46779</subfield>
   </datafield>
   <datafield tag="653" ind2=" " ind1=" ">
      <subfield code="a">Cómics - España</subfield>
   </datafield>
   <datafield tag="653" ind2=" " ind1=" ">
      <subfield code="a">España - Historia - S. XX</subfield>
   </datafield>
   <datafield tag="653" ind2=" " ind1=" ">
      <subfield code="a">Literatura y sociedad</subfield>
   </datafield>
   <datafield ind2="0" ind1="0" tag="245">
      <subfield code="a">La Revolución de Asturias de 1934 a través de La balada del norte, de Alfonso Zapico (2015-2023): reivindicando la memoria y los usos públicos de la historia</subfield>
   </datafield>
</record>
</metadata></record></GetRecord></OAI-PMH>